Jiří Kristián Lobkowicz
| Titel: | Jiří Kristián Lobkowicz : aristokrat s duší závodníka ; kapitoly z dějin české aristokracie a automobilismu / Miloš Hořejš a kol. |
|---|---|
| Beteiligt: | |
| Ausgabe: | 1. vyd. |
| Veröffentlicht: | Praha : Mladá Fronta [u.a.], 2014 |
| Umfang: | 295 S., 8 [Bl.] : Ill. |
| Format: | Buch |
| Sprache: | Tschechisch |
| ISBN: | 8020436944 ; 9788020436948 |
| Hinweise zum Inhalt: |
Inhaltsverzeichnis
|
alg: 35572603
001A $03004:25-02-15
001B $01999:01-11-24 $t18:19:33.000
001C $03004:13-11-15 $t17:09:55.000
001D $03004:13-11-15
001U $0utf8
001X $00
002@ $0Aau
003@ $0355726033
004A $080-204-3694-4
004A $A978-80-204-3694-8
007A $0355726033 $aHEB
007G $0DE020E38CFE7A9D4D8914C1257F4100381EE5
009P $qapplication/pdf $A2 $3Inhaltsverzeichnis $uhttp://scans.hebis.de/HEBCGI/show.pl?35572603_toc.pdf $mV:DE-603;B:DE-Mb50
010@ $acze
011@ $a2014 $n2014
021A $aJiří Kristián Lobkowicz $daristokrat s duší závodníka ; kapitoly z dějin české aristokracie a automobilismu $hMiloš Hořejš a kol.
028C $D20231015 $Ecgwrk $8Hořejš, Miloš$Z1976- [Tp3] $9510109497
032@ $a1. vyd.
033A $pPraha $nMladá Fronta {[u.a.]
034D $a295 S., 8 [Bl.]
034M $aIll.
lok: 35572603 24
exp: 35572603 24 1 #EPN
201B/01 $018-01-16 $t15:25:47.000
201C/01 $025-02-15
201U/01 $0utf8
203@/01 $0750632194
208@/01 $a13-11-15 $bz
209A/01 $a15.02423 $du $f050 $h15 02423 $x00
209C/01 $a15.02423 K $h15 02423 K
209G/01 $a73599202 $x00
220C/01 $akon
244Z/01 $#Lobkowicz, Georg Christian von $#Lobkowicz, Jiří Kristián $#Hýta $71081327987 $8--Tp1--Lobkowitz, Georg Christian$cvon$Z1907-1932 $x01 $9368872246
247C/01 $8358050-7 Marburg, Bibliothek des Herder-Instituts Marburg $9102600961
| LEADER | 00000cam a2200000 c 4500 | ||
|---|---|---|---|
| 001 | 355726033 | ||
| 003 | DE-603 | ||
| 005 | 20241101181933.0 | ||
| 007 | tu | ||
| 008 | 150225s2014 xx |||| | u00||u|cze c | ||
| 020 | |a 8020436944 | ||
| 020 | |a 9788020436948 | ||
| 035 | |a (DE-599)HEB355726033 | ||
| 040 | |a DE-603 |b ger |c DE-603 |d DE-603 | ||
| 041 | |a cze | ||
| 245 | 0 | 0 | |a Jiří Kristián Lobkowicz |b aristokrat s duší závodníka ; kapitoly z dějin české aristokracie a automobilismu |c Miloš Hořejš a kol. |
| 250 | |a 1. vyd. | ||
| 264 | 1 | |a Praha |b Mladá Fronta [u.a.] |c 2014 | |
| 300 | |a 295 S., 8 [Bl.] |b Ill. | ||
| 700 | 1 | |a Hořejš, Miloš |d 1976- |0 (DE-603)510109497 |0 (DE-588)1298171679 |2 gnd | |
| 856 | 4 | 2 | |m V:DE-603;B:DE-Mb50 |q application/pdf |u http://scans.hebis.de/HEBCGI/show.pl?35572603_toc.pdf |3 Inhaltsverzeichnis |
| 924 | 0 | |9 Mb 50 |a (DE-603)750632194 |b DE-Mb50 |c HES |d c |g 15.02423 | |


